00402nam a2200145Ia 4500008004100000020001800041041000800059082001500067100002300082245004300105250000600148260004800154300001300202650004100215210716s2007 xx 000 0 und d a9780763736217 aeng a005.2 DETR aDetmer, Richard C. aEssentials of 80x86 assembly language. a1 aLondonbJones and Bartlett Publishersc2007 aviii,305 aProgg For Specific Types Of Computer